Normas internacionales para medidas fitosanitarias : (Registro nro. 2177)
[ vista simple ]
| 000 -CABECERA | |
|---|---|
| Campo de control | 00725nam a2200193 a 4500 |
| 005 - FECHA Y HORA DE LA ULTIMA TRANSACCION | |
| Campo de control | 20160204190719.0 |
| 008 - ELEMENTOS DE LONGITUD FIJA—INFORMACION GENERAL | |
| Campo de control | 140304t1999 it fr|||| 00| 0 eng d |
| 040 ## - FUENTE DE CATALOGACIÓN | |
| Agencia catalogadora original | CO-BoIAVH |
| Agencia transcriptora | CO-BoIAVH |
| 041 1# - IDIOMA | |
| Código de idioma para texto/pista de sonido o título separado | Español |
| Código de idioma de la versión original y/o traducciones intermedias del texto | Francés |
| -- | Inglés |
| 044 ## - PAÍS DE PUBLICACIÓN | |
| País de publicación | Italia |
| 082 04 - NUMERO DE CLASIFICACION DECIMAL DEWEY | |
| Número de clasificación | 363.1791 |
| Número del ítem | O68n |
| 110 2# - ASIENTO PRINCIPAL--NOMBRE CORPORATIVO | |
| Unidad subordinad | Organización de las Naciones Unidas para la Agricultura y la Alimentación |
| 9 (RLIN) | 56959 |
| 245 ## - MENCION DE TITULO | |
| Título | Normas internacionales para medidas fitosanitarias : |
| Parte restante del título | glosario de términos fitosanitarios, norma de referencia |
| 260 ## - PUBLICACION, DISTRIBUCION, ETC. (PIE DE IMPRENTA) | |
| Lugar de publicación, distribución, etc. | Roma : |
| Nombre del editor, distribuidor, etc. | Organización de la Naciones Unidas para la Agricultura y la Alimentación, |
| Fecha de publicación, distribución, etc. | c1999. |
| 300 ## - DESCRIPCION FISICA | |
| Extensión | 37 páginas ; |
| Dimensiones | 30 x 21 cm. |
| 650 16 - ASIENTO SECUNDARIO DE MATERIA - TERMINO TEMATICO | |
| Término temático o nombre geográfico como elemento de entrada | Fitosanidad |
| 9 (RLIN) | 7668 |
| 650 26 - ASIENTO SECUNDARIO DE MATERIA - TERMINO TEMATICO | |
| Término temático o nombre geográfico como elemento de entrada | Glosarios |
| 9 (RLIN) | 8693 |
| 942 ## - ELEMENTOS ADICIONALES (KOHA) | |
| Tipo de ítem | Libro |
| Sistema de clasificación | Dewey Decimal Classification |
| Withdrawn status | Lost status | Sistema de Clasificación | Damaged status | No para préstamo | Colección | Inventariado | Ubicación Permanente | Ubicación actual | Fecha de adquisición | Fuente de Valor | Valor | Total Checkouts | Número topográfico | Inventario / Código de Barras | Date last seen | Ejemplar | Price effective from | Forma de adquisición | Tipo de material |
|---|---|---|---|---|---|---|---|---|---|---|---|---|---|---|---|---|---|---|---|
| Dewey Decimal Classification | General | Inventariado 2017 | Bogotá | Bogotá | 29/03/2001 | Instituto | 39000.00 | LB-363.1791 O68n | 002749 | 04/12/2012 | Ej. 1 | 04/12/2012 | Libro |